000 00294nam a22001337a 4500
008 171101b xxu||||| |||| 00| 0 eng d
020 _a9780934605915
041 _aeng
080 _23RD
_a339
100 _a59
101 _aTRE
245 _aINSIDE MICROSTATION
_cCONFORTI.F
942 _2udc
_cBK
999 _c37078
_d37078